00517 2200193 4500001002100000005001500021008004100036020002200077035001900099041000700118082000800125090001400133100002500147245004000172250001600212260003200228300003300260650003000293INLIS00000000002365220241224131540241224||||||||| | ||| |||| || |  a978-979-098-021-1 0010-1224023652 aid0 a614 a614 SOE k0 aSoekidjo Notoatmidjo00aKesehatan Masyarakat: Ilmu dan Seni aRevisi 2011 aJakartabRineka Ciptac2011 a23,5x25,5 cm, xii, 414 hlm.; 0akesehatan -- Ilmu Terapan